JAYPEE'S MIDWIFERY DICTONARY (Record no. 2121)
[ view plain ]
| 000 -LEADER | |
|---|---|
| fixed length control field | 00333nam a2200145Ia 4500 |
| 008 - FIXED-LENGTH DATA ELEMENTS--GENERAL INFORMATION | |
| fixed length control field | 150201s2010 xx 000 0 und d |
| 082 ## - DEWEY DECIMAL CLASSIFICATION NUMBER | |
| Classification number | 603 |
| Item number | J10P |
| 100 ## - MAIN ENTRY--PERSONAL NAME | |
| Personal name | PANDA , U.N. |
| 245 ## - TITLE STATEMENT | |
| Title | JAYPEE'S MIDWIFERY DICTONARY |
| 250 ## - EDITION STATEMENT | |
| Edition statement | 1ST |
| 260 ## - PUBLICATION, DISTRIBUTION, ETC. (IMPRINT) | |
| Name of publisher, distributor, etc. | JAYPEE |
| Place of publication, distribution, etc. | DELHI |
| Date of publication, distribution, etc. | 2010 |
| 300 ## - PHYSICAL DESCRIPTION | |
| Extent | 185 |
| 650 ## - SUBJECT ADDED ENTRY--TOPICAL TERM | |
| Topical term or geographic name as entry element | DICTIONARY |
| 942 ## - ADDED ENTRY ELEMENTS (KOHA) | |
| Source of classification or shelving scheme | Dewey Decimal Classification |
| Koha item type | Books |
| Withdrawn status | Lost status | Source of classification or shelving scheme | Damaged status | Not for loan | Collection code | Home library | Current library | Shelving location | Date acquired | Source of acquisition | Cost, normal purchase price | SGTU | Bill Number | Total Checkouts | Full call number | Barcode | Date last seen | Bill Date | Koha item type |
|---|---|---|---|---|---|---|---|---|---|---|---|---|---|---|---|---|---|---|---|
| Dewey Decimal Classification | NURSING | SGT Medical Library | SGT Medical Library | Dictionary | 28/01/2013 | NBM DELHI | 200.00 | SGTU | 1345 | 603 J10P | FN960 | 09/02/2015 | 28/01/2013 | Books | |||||
| Dewey Decimal Classification | NURSING | SGT Medical Library | SGT Medical Library | Dictionary | 28/01/2013 | NBM DELHI | 200.00 | SGTU | 1345 | 603 J10P | FN961 | 09/02/2015 | 28/01/2013 | Books | |||||
| Dewey Decimal Classification | NURSING | SGT Medical Library | SGT Medical Library | Dictionary | 28/01/2013 | NBM DELHI | 200.00 | SGTU | 1345 | 603 J10P | FN962 | 09/02/2015 | 28/01/2013 | Books | |||||
| Dewey Decimal Classification | NURSING | SGT Medical Library | SGT Medical Library | Dictionary | 28/01/2013 | NBM DELHI | 200.00 | SGTU | 1345 | 603 J10P | FN963 | 09/02/2015 | 28/01/2013 | Books | |||||
| Dewey Decimal Classification | NURSING | SGT Medical Library | SGT Medical Library | Dictionary | 28/01/2013 | NBM DELHI | 200.00 | SGTU | 1345 | 603 J10P | FN964 | 09/02/2015 | 28/01/2013 | Books |